Mecànica dels fluids
Descripción Física:
43 p. : il. ; 23 cm
Colección:
Text núm. 23
Otros Autores:
Catalunya. Extensió d'Ensenyament Tècnic
Materias:
Mecànica de fluids
MARC
| LEADER | 00000nam a2200000Ia 4500 | ||
|---|---|---|---|
| 001 | 8482 | ||
| 008 | 160829s9999 xx 000 0 cat d | ||
| 080 | |a RF-6-33 | ||
| 245 | |a Mecànica dels fluids | ||
| 260 | |a Barcelona : |b Mancomunitat de Catalunya, Extensió d'Ensenyament Tècnic, [s.a.] | ||
| 300 | |a 43 p. : |b il. ; |c 23 cm | ||
| 490 | |a Text núm. 23 | ||
| 650 | |a Mecànica de fluids |9 24994 | ||
| 700 | |a Catalunya. Extensió d'Ensenyament Tècnic |9 20004 | ||
| 710 | 2 | |a Catalunya. |b Mancomunitat |9 53015 | |
| 856 | 4 | |u https://media.diba.cat/diba/fitxers/arxiu/fulletons/bib_8482_baixa.pdf |y Accés lliure | |
| 856 | 4 | |u https://media.diba.cat/diba/fitxers/arxiu/fulletons/bib_8482_baixa.pdf |y Accés lliure | |
| 901 | |a Arxiu | ||
| 942 | |n 1 |2 udc | ||
| 952 | |0 0 |1 0 |4 0 |6 RF633 |7 1 |9 44763 |a Arxiu |b Arxiu |d 2016-12-01 |l 0 |o RF-6-33 |p 8482 |r 2016-12-01 00:00:00 |w 2016-12-01 |y ARXIU | ||
| 999 | |c 47345 |d 47345 | ||
| 900 | |a bib_8482_baixa.pdf | ||